| 000 | 02212cam a22005174i 4500 | ||
|---|---|---|---|
| 003 | PE-LiUPU | ||
| 005 | 20250731165520.0 | ||
| 008 | 150623s r 000 0 d | ||
| 035 | _a(Sirsi) a26978 | ||
| 035 | _a(Sirsi) a26978 | ||
| 040 |
_aPE-LiUPU _bspa _cPE-LiUPU _erda |
||
| 245 | 0 | 4 |
_aThe exhaustive concordance of the Bible : _bShowing every word of the text of the common english version of the canonical books. / _cJames Strong, ed. |
| 264 | 1 |
_aMadison, N. J. : _bAbindong-Cokesbury Press, _c1950. |
|
| 300 |
_a1340 páginas ; _c28 cm. |
||
| 336 |
_atext _2rdacontent |
||
| 337 |
_aunmediated _2rdamedia |
||
| 338 |
_avolume _2rdacarrier |
||
| 505 | 0 | _aConcordancia bíblica. | |
| 526 | _aSEG44 | ||
| 526 | _aSEG26 | ||
| 526 | _aP151 | ||
| 526 | _aP150 | ||
| 526 | _aP149 | ||
| 526 | _aP146 | ||
| 526 | _aP145 | ||
| 526 | _aP126 | ||
| 526 | _aP125 | ||
| 526 | _aP92 | ||
| 526 | _aP75 | ||
| 526 | _aP74 | ||
| 526 | _aP27 | ||
| 526 | _aP15 | ||
| 630 |
_aBiblia _xConcordancias. |
||
| 650 | 0 | 4 |
_aHebreo bíblico _xDiccionarios _v Inglés. |
| 650 | 0 | 4 |
_aGriego bíblico _xDiccionarios _vInglés. |
| 700 | 1 |
_aStrong, James, _eed. |
|
| 942 |
_2ddc _cBOOK |
||
| 949 |
_aRC 220.2 S83E _wDEWEY _c1 _i52252 _lRC _mBUL _p10.00 _r0 _sY _tBOOK _u2015-6-24 _xBIBLIOTECA _zUNKNOWN _0COMPRA _o.CIRCNOTE. No olvidar cambiar la fecha de devolución!!!!!!! _o.STAFF. Colección General |
||
| 949 |
_aRC 220.2 S83E _wDEWEY _c2 _i55162 _lRC _mBUL _r0 _sY _tBOOK _u2015-6-24 _xTEOLOGIA _PP35 _0COMPRA _o.CIRCNOTE. No olvidar cambiar la fecha de devolución!!!!!!! _o.STAFF. Colección General |
||
| 994 |
_aC0 _bPEPRU |
||
| 596 | _a1 | ||
| 999 |
_aRC 220.2 S83E _wDEWEY _c34067 _i52252 _f2021-11-8 _g6 _lCCODEBUL1 _mBUL _p10.00 _r1 _sY _tBOOK _u2015-6-24 _xTEOLOGIA _zUNKNOWN _0COMPRA _o.CIRCNOTE. No olvidar cambiar la fecha de devolución!!!!!!! _o.STAFF. Colección General _d34067 |
||
| 999 |
_aRC 220.2 S83E _wDEWEY _c2 _i55162 _d2018-11-19 _e2017-3-9 _f2021-11-8 _g6 _lCCODEBUL1 _mBUL _n1 _q2 _r1 _sY _tBOOK _u2015-6-24 _xTEOLOGIA _PP35 _0COMPRA _o.CIRCNOTE. No olvidar cambiar la fecha de devolución!!!!!!! _o.STAFF. Colección General |
||
| 980 |
_81 _gALBERTO SANCHEZ Responsable de Automatización |
||